Industry and labour in the U.S.S.R.
Αποθηκεύτηκε σε:
| Κύριος συγγραφέας: | |
|---|---|
| Μορφή: | Βιβλίο |
| Γλώσσα: | Undetermined |
| Έκδοση: |
London
Tavistock Publications
1966
|
| Θέματα: | |
| Ετικέτες: |
Προσθήκη ετικέτας
Δεν υπάρχουν, Καταχωρήστε ετικέτα πρώτοι!
|
| Thư viện lưu trữ: | Trung tâm Học liệu Trường Đại học Cần Thơ |
|---|
| LEADER | 00527nam a2200181Ia 4500 | ||
|---|---|---|---|
| 001 | CTU_83412 | ||
| 008 | 210402s9999 xx 000 0 und d | ||
| 082 | |a 331.0947 | ||
| 082 | |b O.81 | ||
| 100 | |a Osipov, G. V. | ||
| 245 | 0 | |a Industry and labour in the U.S.S.R. | |
| 245 | 0 | |c G. V. Osipov ; With an introduction by Maurice Hookham | |
| 260 | |a London | ||
| 260 | |b Tavistock Publications | ||
| 260 | |c 1966 | ||
| 650 | |a Working class | ||
| 904 | |i QHieu(sửa) | ||
| 980 | |a Trung tâm Học liệu Trường Đại học Cần Thơ | ||